[Event "Saarland-ch B 89th"]
[Site "Stennweiler"]
[Date "2014.04.16"]
[Round "6"]
[White "Mueller, Sophie Elisabeth"]
[Black "Kluge, Robert"]
[Result "1/2-1/2"]
[WhiteElo "1460"]
[BlackElo "1499"]
[PlyCount "69"]
[EventDate "2014.04.11"]
[EventType "swiss"]
[EventRounds "9"]
[EventCountry "GER"]
[SourceTitle "EXT 2016"]
[Source "ChessBase"]
[SourceDate "2015.10.08"]
[SourceVersion "1"]
[SourceVersionDate "2015.10.08"]
[SourceQuality "1"]

1. d4 d5 2. c4 e6 3. Nc3 Nf6 4. Bg5 Be7 5. e3 0-0 6. Nf3 c6 7. Qc2 Nbd7 8. cxd5 exd5 9. Bd3 Re8 10. 0-0 Ne4 11. Bxe4 dxe4 12. Nxe4 Bxg5 13. Nexg5 Nf6 14. Ne5 Be6 15. Nxe6 Rxe6 16. Rac1 Qd5 17. Qc4 Rd8 18. Qxd5 Rxd5 19. Rc2 h6 20. Rfc1 Rd8 21. h3 Nd5 22. a3 Nf6 23. Rc3 Ne4 24. Rb3 Re7 25. Nd3 Nd2 26. Rbc3 Ne4 27. R3c2 f6 28. Nc5 Nd6 29. Rd1 Nb5 30. Rcd2 b6 31. Nb3 Nc7 32. Rc1 Rd6 33. Rdc2 Ree6 34. Nd2 Na6 35. Nb3 1/2-1/2

[Event "Saarland-ch B 89th"]
[Site "Stennweiler"]
[Date "2014.04.12"]
[Round "2"]
[White "Labisch, Andrzej"]
[Black "Kluge, Robert"]
[Result "1/2-1/2"]
[WhiteElo "1418"]
[BlackElo "1499"]
[PlyCount "86"]
[EventDate "2014.04.11"]
[EventType "swiss"]
[EventRounds "9"]
[EventCountry "GER"]
[SourceTitle "EXT 2016"]
[Source "ChessBase"]
[SourceDate "2015.10.08"]
[SourceVersion "1"]
[SourceVersionDate "2015.10.08"]
[SourceQuality "1"]

1. d4 d5 2. c4 e6 3. Nc3 Nf6 4. Bg5 Be7 5. Nf3 0-0 6. Qc2 Nbd7 7. e3 c6 8. Bd3 Re8 9. Ne5 dxc4 10. Bxc4 Nxe5 11. dxe5 Nd5 12. Bxe7 Qxe7 13. a3 Qh4 14. Nxd5 exd5 15. Bd3 Rxe5 16. g3 Qh5 17. Be2 Bg4 18. Qd1 Bxe2 19. Qxe2 Qxe2+ 20. Kxe2 Rae8 21. Rhe1 c5 22. Kd3 Re4 23. b3 f5 24. Rac1 Rc8 25. f3 c4+ 26. Kd2 Ree8 27. b4 b5 28. Kc3 Kf7 29. Kd4 Ke6 30. Re2 Kd6 31. Rd1 c3 32. Rc1 Rc4+ 33. Kd3 Rec8 34. Rec2 Ke5 35. Rxc3 g5 36. f4+ gxf4 37. exf4+ Kf6 38. Rxc4 dxc4+ 39. Kd4 Ke6 40. Re1+ Kd6 41. Kc3 a6 42. Re5 Rf8 43. Kd4 h5 1/2-1/2

[Event "Saarland-ch B 87th"]
[Site "Voelklingen"]
[Date "2012.04.04"]
[Round "6"]
[White "Kluge, Robert"]
[Black "Danisch, Christian"]
[Result "1-0"]
[WhiteElo "1504"]
[BlackElo "1634"]
[PlyCount "50"]
[EventDate "2012.03.30"]
[EventType "swiss"]
[EventRounds "6"]
[EventCountry "GER"]
[SourceTitle "EXT 2013"]
[Source "ChessBase"]
[SourceDate "2012.11.22"]
[SourceVersion "1"]
[SourceVersionDate "2012.11.22"]
[SourceQuality "1"]

1. d4 d5 2. c4 e6 3. cxd5 exd5 4. Nc3 g6 5. Bf4 Nf6 6. e3 Bg7 7. Bd3 0-0 8. h3 c6 9. Nge2 Nbd7 10. 0-0 Re8 11. Rc1 Ne4 12. Qc2 f5 13. Bxe4 fxe4 14. b4 Nf6 15. Qb3 Be6 16. Na4 Nd7 17. b5 cxb5 18. Qxb5 b6 19. Rc7 a6 20. Qc6 b5 21. Nac3 Nf6 22. Qb7 Bf8 23. Be5 Re7 24. Rxe7 Bxe7 25. Nf4 Bc8 1-0

[Event "Saarland-ch A 85th"]
[Site "Homburg"]
[Date "2010.03.29"]
[Round "4"]
[White "Aubertin, Tim"]
[Black "Kluge, Robert"]
[Result "1-0"]
[WhiteElo "1987"]
[BlackElo "1581"]
[PlyCount "136"]
[EventDate "2010.03.28"]
[EventType "swiss"]
[EventRounds "9"]
[EventCountry "GER"]
[SourceTitle "EXT 2011"]
[Source "ChessBase"]
[SourceDate "2010.11.26"]
[SourceVersion "1"]
[SourceVersionDate "2010.11.26"]
[SourceQuality "1"]

1. b4 d5 2. Bb2 Qd6 3. a3 e5 4. e3 Ne7 5. c4 f6 6. cxd5 Qxd5 7. Nc3 Qd8 8. Bc4 Bf5 9. Nf3 Bd3 10. Be6 Bf5 11. Ba2 Qd7 12. Qb3 Bg6 13. Nh4 Nbc6 14. 0-0 0-0-0 15. Nxg6 hxg6 16. Ne4 Qd5 17. Qc2 Qd3 18. Be6+ Kb8 19. Qxd3 Rxd3 20. Bc3 Nf5 21. Bf7 Rh6 22. Bc4 Rd8 23. b5 Nce7 24. Bb4 Nd6 25. Nxd6 cxd6 26. Be6 f5 27. g4 fxg4 28. Rfc1 g5 29. Bxg4 Nd5 30. Ba5 b6 31. Bb4 Rh4 32. h3 Nf6 33. Be6 Nd7 34. Rc6 Rh6 35. Bxd6+ Bxd6 36. Rxd6 Kc7 37. Rxd7+ Rxd7 38. Rc1+ Kd8 39. Bxd7 Kxd7 40. Kg2 Rd6 41. Rc2 Rd3 42. Ra2 Rb3 43. a4 Rb4 44. Kg3 Ke6 45. f3 e4 46. fxe4 Rxe4 47. a5 Rb4 48. axb6 axb6 49. Ra7 g6 50. Rc7 Rxb5 51. Kf3 Rb3 52. d4 b5 53. Rc5 Kf6 54. Ke4 b4 55. Rb5 Rb2 56. Rb6+ Kf7 57. Ke5 Rb3 58. e4 Rxh3 59. Rb7+ Kg8 60. Rxb4 Rf3 61. d5 g4 62. d6 Kf7 63. Rb7+ Kf8 64. Ke6 g3 65. Rb8+ Kg7 66. d7 Rf6+ 67. Ke5 Rf8 68. d8Q g2 1-0

[Event "Saarland-ch B"]
[Site "Schiffweiler"]
[Date "2009.04.10"]
[Round "8"]
[White "Steffen, Maximilian"]
[Black "Kluge, Robert"]
[Result "1/2-1/2"]
[WhiteElo "1633"]
[BlackElo "1586"]
[PlyCount "43"]
[EventDate "2009.04.03"]
[EventType "swiss"]
[EventRounds "9"]
[EventCountry "GER"]
[SourceTitle "EXT 2012"]
[Source "ChessBase"]
[SourceDate "2011.11.24"]
[SourceVersion "1"]
[SourceVersionDate "2011.11.24"]
[SourceQuality "1"]

1. e4 c6 2. d4 d5 3. e5 Bf5 4. g4 Bg6 5. h4 h6 6. Bd3 Bxd3 7. Qxd3 e6 8. Nc3 Bb4 9. Bd2 Bxc3 10. Bxc3 g5 11. h5 Nd7 12. Ne2 Qe7 13. 0-0-0 0-0-0 14. Kb1 c5 15. Qb5 Kb8 16. Nc1 Rc8 17. Nb3 a6 18. Qa5 c4 19. Bb4 Qd8 20. Bd6+ Ka8 21. Qxd8 Rxd8 22. Nc5 1/2-1/2

[Event "Saarland-ch B"]
[Site "Schiffweiler"]
[Date "2009.04.09"]
[Round "7"]
[White "Kluge, Robert"]
[Black "Wilhelm, Robin"]
[Result "1-0"]
[WhiteElo "1586"]
[BlackElo "1651"]
[PlyCount "43"]
[EventDate "2009.04.03"]
[EventType "swiss"]
[EventRounds "9"]
[EventCountry "GER"]
[SourceTitle "EXT 2012"]
[Source "ChessBase"]
[SourceDate "2011.11.24"]
[SourceVersion "1"]
[SourceVersionDate "2011.11.24"]
[SourceQuality "1"]

1. d4 d5 2. c4 e6 3. Nc3 Nf6 4. Bg5 Be7 5. cxd5 exd5 6. e3 Bf5 7. Qb3 b6 8. Bxf6 Bxf6 9. Qxd5 Qxd5 10. Nxd5 Bd8 11. Nf3 c6 12. Nc3 Nd7 13. Bc4 0-0 14. 0-0 Nf6 15. Ne5 Rc8 16. Rac1 Ng4 17. Nf3 Be7 18. h3 Nf6 19. Bb3 Ne4 20. Nxe4 Bxe4 21. Ne5 Rfd8 22. Nxf7 1-0

[Event "Saarland-ch B"]
[Site "Schiffweiler"]
[Date "2009.04.04"]
[Round "2"]
[White "Kluge, Robert"]
[Black "Enders, Axel"]
[Result "1/2-1/2"]
[WhiteElo "1586"]
[BlackElo "1642"]
[PlyCount "113"]
[EventDate "2009.04.03"]
[EventType "swiss"]
[EventRounds "9"]
[EventCountry "GER"]
[SourceTitle "EXT 2012"]
[Source "ChessBase"]
[SourceDate "2011.11.24"]
[SourceVersion "1"]
[SourceVersionDate "2011.11.24"]
[SourceQuality "1"]

1. d4 Nf6 2. Nf3 g6 3. c4 c5 4. d5 Bg7 5. Nc3 d6 6. e4 0-0 7. Be2 a6 8. a4 e5 9. 0-0 Kh8 10. Nd2 Nbd7 11. f4 exf4 12. Rxf4 Ne5 13. Rf1 Qe7 14. Nf3 Nfd7 15. Nxe5 Nxe5 16. Bf4 Bd7 17. Qd2 Rae8 18. Bxe5 Qxe5 19. Bf3 Re7 20. Rfe1 Bf6 21. Re2 Rfe8 22. a5 Bg5 23. Qc2 Qd4+ 24. Kf1 Qxc4 25. Ra3 f5 26. Qb3 Qxb3 27. Rxb3 fxe4 28. Nxe4 Bf4 29. g3 Be5 30. Kg2 Bb5 31. Rd2 c4 32. Ra3 Rc8 33. Nc3 Be8 34. Ne4 Rec7 35. Rc2 Bf7 36. Ng5 Bg8 37. Ne6 Re7 38. Ng5 Rc5 39. Rd2 c3 40. bxc3 Rxc3 41. Raa2 Rc5 42. Ne6 Rb5 43. Nd4 Bxd5 44. Nxb5 Bxa2 45. Nxd6 Bxd6 46. Rxd6 Bc4 47. Rb6 Re5 48. Rb4 Bd5 49. Bxd5 Rxd5 50. Rxb7 Rxa5 51. Ra7 Ra2+ 52. Kh3 h5 53. g4 a5 54. gxh5 gxh5 55. Kh4 Rxh2+ 56. Kg5 h4 57. Rxa5 1/2-1/2

[Event "Saarland-ch B"]
[Site "Eppelborn"]
[Date "2008.03.26"]
[Round "4"]
[White "Meyer, Jens"]
[Black "Kluge, Robert"]
[Result "1-0"]
[WhiteElo "1515"]
[BlackElo "1560"]
[PlyCount "97"]
[EventDate "2008.03.14"]
[EventType "swiss"]
[EventRounds "7"]
[EventCountry "GER"]
[SourceTitle "EXT 2010"]
[Source "ChessBase"]
[SourceDate "2010.11.25"]
[SourceVersion "1"]
[SourceVersionDate "2010.11.25"]
[SourceQuality "1"]

1. e4 c6 2. d3 d5 3. exd5 cxd5 4. g3 Nf6 5. Bg2 e6 6. Nf3 Nc6 7. 0-0 Be7 8. Nc3 0-0 9. Bf4 a6 10. Rb1 Re8 11. Re1 Bd6 12. Ne5 Qc7 13. Nxc6 bxc6 14. Bxd6 Qxd6 15. Ne2 e5 16. c4 Bg4 17. Qa4 Bxe2 18. Rxe2 Nd7 19. Rbe1 f6 20. Qa5 dxc4 21. dxc4 Rec8 22. Rd2 Qc7 23. Qxc7 Rxc7 24. b3 Kf8 25. Bxc6 Raa7 26. Bxd7 Rxd7 27. Red1 Ke7 28. Rxd7+ Rxd7 29. Rxd7+ Kxd7 30. Kf1 Kc6 31. Ke2 Kc5 32. Kd3 f5 33. a3 a5 34. a4 g5 35. Ke3 h5 36. h4 gxh4 37. gxh4 Kb6 38. Kd3 Kc5 39. Kc3 e4 40. Kd2 Kd4 41. Ke2 f4 42. Kd2 Kc5 43. Kc3 f3 44. Kd2 Kd4 45. Ke1 Kc5 46. Kd1 Kd4 47. Kd2 e3+ 48. fxe3+ Ke4 49. Ke1 1-0

[Event "Saarland-ch B"]
[Site "Eppelborn"]
[Date "2008.03.14"]
[Round "1"]
[White "Kluge, Robert"]
[Black "Kaum, Roland"]
[Result "1/2-1/2"]
[WhiteElo "1560"]
[BlackElo "1448"]
[PlyCount "47"]
[EventDate "2008.03.14"]
[EventType "swiss"]
[EventRounds "7"]
[EventCountry "GER"]
[SourceTitle "EXT 2010"]
[Source "ChessBase"]
[SourceDate "2010.11.25"]
[SourceVersion "1"]
[SourceVersionDate "2010.11.25"]
[SourceQuality "1"]

1. d4 d5 2. c4 dxc4 3. Nf3 Nf6 4. e3 e6 5. Bxc4 c5 6. 0-0 Be7 7. Nc3 0-0 8. Re1 a6 9. a4 Nc6 10. h3 Qd7 11. dxc5 Qxd1 12. Rxd1 Bxc5 13. e4 Rd8 14. Rxd8+ Nxd8 15. Bg5 Nc6 16. Rd1 Kf8 17. e5 Nd7 18. Bf4 h6 19. Ne4 Be7 20. Nd6 Bxd6 21. exd6 Nb6 22. Bb3 Bd7 23. Be3 Nc8 24. Bf4 1/2-1/2

[Event "Saarland-ch B"]
[Site "Saarlouis Steinrausch"]
[Date "2005.03.23"]
[Round "6"]
[White "Kluge, Robert"]
[Black "Hoefer, Michael"]
[Result "1/2-1/2"]
[WhiteElo "1477"]
[BlackElo "1254"]
[PlyCount "88"]
[EventDate "2005.03.18"]
[EventType "swiss"]
[EventRounds "9"]
[EventCountry "GER"]
[SourceTitle "EXT 2012"]
[Source "ChessBase"]
[SourceDate "2011.11.24"]
[SourceVersion "1"]
[SourceVersionDate "2011.11.24"]
[SourceQuality "1"]

1. d4 Nf6 2. Nf3 d5 3. c4 c6 4. cxd5 cxd5 5. Nc3 Bf5 6. e3 a6 7. Qa4+ Qd7 8. Bb5 Nc6 9. Ne5 Qc8 10. Bxc6+ bxc6 11. Qxc6+ Qxc6 12. Nxc6 e6 13. 0-0 Rc8 14. Ne5 Ne4 15. Nxe4 Bxe4 16. Bd2 f6 17. Nf3 Bd6 18. Rac1 Ke7 19. Rxc8 Rxc8 20. Rc1 Rxc1+ 21. Bxc1 e5 22. dxe5 fxe5 23. Nd2 Bd3 24. Nb3 Bb1 25. a3 Bc2 26. Nd2 Ke6 27. Kf1 d4 28. e4 Be7 29. f3 Bg5 30. Nb3 Be7 31. Na1 Bd3+ 32. Kf2 Bc5 33. b4 Bb6 34. Nb3 Bc4 35. Nc5+ Kd6 36. f4 Bxc5 37. fxe5+ Kc6 38. bxc5 Kxc5 39. Bd2 Be6 40. Bb4+ Kc4 41. Ke2 Bg4+ 42. Kd2 Bc8 43. h3 h5 44. Be7 g6 1/2-1/2